000 00471nam a2200181Ia 4500
005 20250923144456.0
008 008 250917s9999 xx 000 0 eng d
037 _aTextual
040 _aDSWL
_beng
_cDSWL
041 _aeng
_2eng
084 _qDSWL
100 _aFrom, Erich
_9825268
245 0 _aForgotten language
_cby Erich From
260 _b Rinehart & Company USA
_c1951
300 _avii,263p.
942 _cTEXL
999 _c1439369
_d1439369